| 000 | 00644cam a22002293a 4500 | ||
|---|---|---|---|
| 001 | 30898 | ||
| 003 | PGUSA | ||
| 005 | 20140828083652.0 | ||
| 008 | 100109s2010||||xxu|||||s|||||000 | eng d | ||
| 040 |
_aPGUSA _beng |
||
| 042 | _adc | ||
| 050 | 4 | _aQH | |
| 100 | 1 |
_aJones, J. Knox, _d1929-1992 |
|
| 245 | 1 | 2 |
_aA New Bog Lemming (Genus Synaptomys) From Nebraska _h[electronic resource] / _cJ. Knox Jones |
| 260 |
_bProject Gutenberg, _c2010 |
||
| 506 | _aPublic domain in the USA. | ||
| 516 | _aElectronic text | ||
| 653 | _aLemmings | ||
| 830 | 0 |
_aProject Gutenberg _v30898 |
|
| 856 | 4 | 0 | _uhttp://www.gutenberg.org/ebooks/30898 |
| 942 | _cEB | ||
| 999 |
_c260153 _d260153 |
||